Scientific papers / (Record no. 165821)
[ view plain ]
| 000 -LEADER | |
|---|---|
| campo de control de longitud fija | 00755nam a2200169 i 4500 |
| 001 - NÚMERO DE CONTROL | |
| campo de control | 165821 |
| 003 - IDENTIFICADOR DE NÚMERO DE CONTROL | |
| campo de control | ES-MaACL |
| 005 - FECHA Y HORA DE LA ÚLTIMA TRANSACCIÓN | |
| campo de control | 20230906213218.0 |
| 008 - DATOS DE LONGITUD FIJA--INFORMACIÓN GENERAL | |
| campo de control de longitud fija | 050907m18991920xxk | |||||||| ||eng d |
| 040 ## - FUENTE DE CATALOGACIÓN | |
| Centro catalogador/agencia de origen | CAM |
| Lengua de catalogación | spa |
| Centro/agencia transcriptor | CAM |
| 100 1# - ENTRADA PRINCIPAL--NOMBRE DE PERSONA | |
| Nombre de persona | Strutt, John William. |
| 9 (RLIN) | 132930 |
| 245 10 - MENCIÓN DEL TÍTULO | |
| Título | Scientific papers / |
| Mención de responsabilidad, etc. | by John William Strutt. |
| 260 ## - PUBLICACIÓN, DISTRIBUCIÓN, ETC. | |
| Lugar de publicación, distribución, etc. | Cambridge [etc.] : |
| Nombre del editor, distribuidor, etc. | [s.n.], |
| Fecha de publicación, distribución, etc. | 1899-1920 ( |
| Fabricante | University Press [etc.]) |
| 300 ## - DESCRIPCIÓN FÍSICA | |
| Extensión | 6 v. ; |
| Dimensiones | 27 cm. |
| 505 8# - NOTA DE CONTENIDO CON FORMATO | |
| Nota de contenido con formato | Contiene: T.I (1899), 1869-1881 (XV, 562 p.) - T.II(1900), 1881-1887 (XIV, 598 p.) - T.III(1902), 1887-1892 (XII, 596 p.) - T.IV(1903), 1892-1901 (XIV, 604 p., [1] h. de lám.) - T.V(1912), 1902-1910 (XII, 624 p.) - T.VI(1920), 1911-1919 (XVI, 718 p.) |
| 852 ## - LOCALIZACIÓN | |
| Ubicación | ES-MaACL |
| Número de control de estantería | G-7465-70 |
| Nota libre | -- Enc. tela |
| Estatus retirado | Estado de pérdida | Estado de daño | No para préstamo | Colección | Biblioteca de origen | Biblioteca actual | Ubicación en estantería | Fecha de adquisición | Total de préstamos | Signatura topográfica completa | Código de barras | Visto por última vez | Precio de reemplazo | Tipo de ítem Koha |
|---|---|---|---|---|---|---|---|---|---|---|---|---|---|---|
| Libros del s. XIX | Biblioteca del Ateneo de Madrid | Biblioteca del Ateneo de Madrid | Depósito 2 | 17/01/2008 | G-7465-70 | 1173899 | 23/02/2023 | 23/02/2023 | Libro impreso antiguo |
